[Event "Styrian op-B"]
[Site "Bad Gleichenberg"]
[Date "2013.07.07"]
[Round "2"]
[White "Wu, Yu"]
[Black "Neubauer, Anton"]
[Result "1/2-1/2"]
[WhiteElo "1963"]
[BlackElo "1868"]
[PlyCount "51"]
[EventDate "2013.07.06"]
[EventType "swiss"]
[EventRounds "9"]
[EventCountry "AUT"]
[SourceTitle "EXT 2015"]
[Source "ChessBase"]
[SourceDate "2014.11.20"]
[SourceVersion "1"]
[SourceVersionDate "2014.11.20"]
[SourceQuality "1"]

1. e4 e6 2. d4 d5 3. Nd2 Nf6 4. e5 Nfd7 5. Bd3 c5 6. c3 Nc6 7. Ne2 cxd4 8. cxd4 Be7 9. 0-0 Qb6 10. Nf3 f6 11. exf6 Nxf6 12. Re1 0-0 13. Nf4 Bb4 14. Re2 Nd8 15. Rc2 Nf7 16. Be3 Bd7 17. Ne5 Qd6 18. Ng4 Ne4 19. Rac1 Ba4 20. b3 Bc6 21. Nh5 Qe7 22. Ng3 Ba3 23. Ra1 a6 24. Ne5 Nxe5 25. dxe5 Qh4 26. Qe2 1/2-1/2

[Event "Vienna Husek op-A"]
[Site "Vienna"]
[Date "2012.08.19"]
[Round "7"]
[White "Wu, Yu"]
[Black "Gibicar, Danijel"]
[Result "0-1"]
[WhiteElo "1989"]
[BlackElo "2085"]
[PlyCount "72"]
[EventDate "2012.08.13"]
[EventType "swiss"]
[EventRounds "7"]
[EventCountry "AUT"]
[SourceTitle "EXT 2014"]
[Source "ChessBase"]
[SourceDate "2013.11.20"]
[SourceVersion "1"]
[SourceVersionDate "2013.11.20"]
[SourceQuality "1"]

1. c4 Nf6 2. g3 c5 3. Bg2 g6 4. Nc3 Bg7 5. e4 Nc6 6. Nge2 d6 7. 0-0 0-0 8. d3 Ne8 9. Be3 Nd4 10. Rb1 a5 11. b3 Nc7 12. a3 Bg4 13. f3 Bd7 14. b4 axb4 15. axb4 Nxe2+ 16. Nxe2 cxb4 17. Rxb4 b5 18. Bd4 Bxd4+ 19. Nxd4 Na6 20. Rxb5 e5 21. Rd5 exd4 22. Rxd6 Qe7 23. Rb6 Rfb8 24. Qb3 Qd8 25. Rb1 Rxb6 26. Qxb6 Qxb6 27. Rxb6 Nc5 28. Rd6 Ra1+ 29. Kf2 Nxd3+ 30. Ke2 Nc1+ 31. Kf2 Ra2+ 32. Kf1 Be6 33. Rxd4 Rc2 34. f4 Bxc4+ 35. Ke1 Nd3+ 36. Kd1 Rxg2 0-1